000 01105naa a22002897a 4500
001 BR6800194
003 BR-BrBNA
005 20240918173320.0
007 ta
008 230509b bl.||||| |||| 00| 0 por d
040 _aBR-BrBNA
_bpor
_cBiblioteca Nacional de Agricultura
041 _a(Pt)
072 _aM00; L60
_b8150
_b8105
_bG514
090 _aM00 BR6800194
100 1 _aTravassos, H.
111 1 _a8. Reuniao Nacional de Tecnicos em Pesquisas sobre Pesca
_cRio de Janeiro, GB (Brazil)
_d7 Oct 1968
245 1 _aSistematica de recursos pesqueiros [Brasil]
260 3 _aRio de Janeiro, GB (Brasil):
_c1968.
500 _a8. Reuniao Nacional de Tecnicos em Pesquisas sobre Pesca. Documento final Rio de Janeiro, GB (Brasil): 1968. p. 29-41 (BR6800194-AM)M00
650 _aPesca
650 _aTaxonomia animal
650 _aPeixe marinho
650 _aPeixe de agua doce
773 0 _t8. Reuniao Nacional de Tecnicos em Pesquisas sobre Pesca. Documento final
_wM00 BR6800194
_gRio de Janeiro, GB (Brasil), 1968. p. 29-41
909 _a202404
_bLucia
_c55
_dLucia Elande
942 _cAM
_2AGRIS
999 _c303933
_d303933